01382nas a2200277 i 4500003000800000005001700008007000300025008004100028035001900069040003600088041000800124110005300132245010800185264013100293300006200424310001700486336002700503337003300530338002800563362003000591500024100621650005300862650005400915650008200969710005301051DO-SdUA20250718083216.0ta250717e1974 dr u p|r| || | spa d a(DO-SdUA)44080 aDO-SdUAbspacDO-SdUAdDO-SdBNP0 aspa2 aInstituto Montecristeño de Arqueología (IMA)10aBoletín del Instituto Montecristeño de Arqueología /cInstituto Montecristeño de Arqueología. aMonte Cristi, República Dominicana :bInstituto Montecristeño de Arqueología, IMA.bEditora Cultural Dominicana, c1974- avolumen :bilustraciones, fotografías, mapas ; c21 cm. aDesconocida. atextobtxt2rdacontent asin mediaciónbn2rdamedia avolumenbnc2rdacarrier aAño: 1974, Número: 1. aEl origen del Instituto Montecristeño de Antropología e Historia (IMAH) tuvo como base la preocupación de dos jóvenes por evitar la depredación del patrimonio arqueológico que corresponde a la región nordestana del país. 7aArqueologíavPublicaciones periódicas 2lemb 7aAntigüedadesvPublicaciones periódicas 2lemb 0aInstituto Montecristeño de Arqueología (IMA)vPublicaciones periódicas  aInstituto Montecristeño de Arqueología (IMA)